Konstrukce pozemních staveb. 1. díl /
Gespeichert in:
| 1. Verfasser: | |
|---|---|
| Weitere Verfasser: | |
| Format: | Buch |
| Sprache: | Tschechisch |
| Veröffentlicht: |
Praha :
SNTL - Státní nakladatelství technické literatury,
1971
|
| Schriftenreihe: | Technický průvodce
Sv. 40 A |
| Schlagworte: | |
| Online-Zugang: |
|
| Tags: |
Tag hinzufügen
Keine Tags, Fügen Sie den ersten Tag hinzu!
|
MARC
| LEADER | 00000nam a2200000 4500 | ||
|---|---|---|---|
| 003 | SK-BrCVT | ||
| 005 | 20240813122100.0 | ||
| 008 | 940803s1971 cs e ||||||cze d | ||
| 035 | |a CVTIDW0923047 | ||
| 040 | |b slo |a CVTI SR |c CVT |d CVT | ||
| 041 | 0 | |a cze | |
| 044 | |a cs | ||
| 072 | 7 | |a 624 |2 CVT | |
| 080 | 1 | |a 624.92(082) |2 2011 | |
| 100 | 1 | |a Rambousek, František | |
| 245 | 1 | 0 | |a Konstrukce pozemních staveb. 1. díl / |c Autoři: František Rambousek, Jaroslav Bradna a kol. |
| 260 | |a Praha : |b SNTL - Státní nakladatelství technické literatury, |c 1971 | ||
| 300 | |a 503 s. | ||
| 490 | 0 | |a Technický průvodce |v Sv. 40 A | |
| 653 | 1 | |a konštrukcia |a pozemné staviteľstvo | |
| 700 | 1 | |a Bradna, Jaroslav | |
| 760 | 1 | |t Technický průvodce | |
| 910 | |b A264211 |b A264212 |b A264214 |b A264215 |b A264217 |b A264219 |b A264220 |b A264213 odpis |b A264216 odpis |b A264218 odpis |b V004284 | ||
| 959 | |a 57 | ||
| 992 | |a AMG | ||
| 999 | |c 80961 |d 80961 | ||
| 974 | |b Rita Zubonyaiová | ||